Personnalités préférés des français - Statistiques

Statistiques générales
  • Ce quiz a été pris 374 fois
  • Le résultat moyen est 33 sur 84
Statistiques - réponses
Hint Réponse % Correct
2019 Jean-Jacques Goldman / Sophie Marceau
75%
2020 Jean-Jacques Goldman / Sophie Marceau
75%
2021 Jean-Jacques Goldman / Sophie Marceau
75%
2013 Jean-Jacques Goldman
72%
2014 Jean-Jacques Goldman
72%
2015 Jean-Jacques Goldman
72%
2017 Jean-Jacques Goldman
72%
2018 Jean-Jacques Goldman
72%
2022 Jean-Jacques Goldman
72%
2023 Jean-Jacques Goldman
72%
2024 Jean-Jacques Goldman
72%
2002 Jean-Jacques Goldman
72%
2003 Jean-Jacques Goldman
72%
2016 Jean-Jacques Goldman
72%
2019 Omar Sy / Marion Cotillard
66%
2020 Omar Sy / Alexandra Lamy
65%
2021 Omar Sy / Florence Foresti
65%
2012 Omar Sy
63%
2016 Omar Sy
63%
2004 Omar Sy
63%
2011 Omar Sy
63%
2013 Omar Sy
63%
2014 Omar Sy
63%
2015 Omar Sy
63%
2017 Omar Sy
63%
2018 Omar Sy
63%
2022 Omar Sy
63%
2024 Omar Sy
63%
2018 Zinédine Zidane
59%
2000 Zinedine Zidane
59%
2004 Zinedine Zidane
59%
2006 Zinedine Zidane
59%
2007 Zinedine Zidane
59%
2002 Zinédine Zidane
59%
2003 Zinédine Zidane
59%
2005 Zinédine Zidane
59%
2008 Zinédine Zidane
59%
2010 Zinédine Zidane
59%
2011 Zinédine Zidane
59%
2004 Jean Dujardin
40%
2012 Jean Dujardin
40%
2021 Thomas Pesquet / Marion Cotillard
33%
2019 Dany Boon / Florence Foresti
30%
2020 Jean-Pierre Pernaut / Mimie Mathy
27%
2017 Teddy Riner
26%
2024 Teddy Riner
26%
2008 Dany Boon
25%
2009 Dany Boon
25%
2014 Dany Boon
25%
2022 Thomas Pesquet
25%
2023 Thomas Pesquet
25%
2005 Yannick Noah
25%
2008 Yannick Noah
25%
2009 Yannick Noah
25%
2010 Yannick Noah
25%
2011 Yannick Noah
25%
2001 Yannick Noah
25%
2006 Yannick Noah
25%
2007 Yannick Noah
25%
2007 Mimie Mathy
21%
2010 Mimie Mathy
21%
2013 Mimie Mathy
21%
2023 Florent Pagny
19%
2009 Gad Elmaleh
15%
2001 Michel Sardou
15%
2005 Renaud
12%
1989 L'Abbé Pierre
10%
1993 L'Abbé Pierre
10%
1994 L'Abbé Pierre
10%
1995 L'Abbé Pierre
10%
1997 L'Abbé Pierre
10%
1999 L'Abbé Pierre
10%
2001 L'Abbé Pierre
10%
2002 L'Abbé Pierre
10%
2003 L'Abbé Pierre
10%
2012 Simone Veil
5%
2015 Simone Veil
5%
2016 Simone Veil
5%
1988 Le Commandant Cousteau
3%
1990 Le Commandant Cousteau
3%
1991 Le Commandant Cousteau
3%
1992 Le Commandant Cousteau
3%
1996 Le Commandant Cousteau
3%
2006 Nicolas Hulot
2%
Aucun quiz correspondant
Distribution des résultats
% des personnes avec chaque résultat
Percentile par nombre de réponses
Votre historique - résultats
Vous n’avez pas pris ce quiz